| 000 | 01538cam a22003977a 4500 | ||
|---|---|---|---|
| 003 | CHAP | ||
| 005 | 20220817044030.0 | ||
| 008 | 050515d2003 es a r 00010 spa d | ||
| 010 | _a90502 | ||
| 011 | _a91474 | ||
| 020 | _a8420009954 | ||
| 035 | _a102033 | ||
| 040 | _cCHAP | ||
| 082 |
_a636.087 _bU53Y 2003 |
||
| 100 | 0 | 0 |
_aUnderwood, Eric J. _9116139 |
| 245 | 1 | 4 |
_aLos minerales en la nutrición del ganado _c/por E.J. Underwood |
| 250 | _a3ed. | ||
| 260 |
_aZaragoza : _bAcribia, _c2003. |
||
| 300 |
_a637 p. _b: ilus. ; gráfs. |
||
| 500 | _aTrad. de : The mineral nutrition livestock, 3ed. | ||
| 590 |
_aBATCH-UPD _b10 _c20130110 _lUCH01 _h1548 |
||
| 590 |
_aBATCH-UPD _b10 _c20130410 _lUCH01 _h0946 |
||
| 590 |
_aBATCH-UPD _b10 _c20130914 _lUCH01 _h1819 |
||
| 590 |
_aCONVERSION _b10 _c20130109 _lUCH01 _h1350 |
||
| 650 | 1 | 4 |
_aAlimentos y alimentacion del ganado. _94326 |
| 650 | 1 | 4 |
_aAnimales _xElementos minerales. _95861 |
| 650 | 1 | 4 |
_aMinerales en nutrición animal. _975937 |
| 650 | 1 | 4 | _aNutrición animal. |
| 901 | _aBK | ||
| 905 | _aAlejandra Carrasco M. | ||
| 942 | _cLIBRO | ||
| 949 |
_a636.087 U53Y 2003 _bBC _cLIBRO _d33724000948410 _eLIBRO _fc.4 _gI.222815 _h106046 _i102033 _si _t$ 350.00 |
||
| 949 |
_a636.087 U53Y 2003 _bBC _cLIBRO _d33724000956918 _eLIBRO _h105761 _i102033 _kI. 222814 _si _t$ 350.00 |
||
| 949 |
_a636.087 U53Y 2003 _bBC _cLIBRO _d33724000957395 _eLIBRO _fc.3 _gI. 222814 _h105763 _i102033 _si _t$ 350.00 |
||
| 949 |
_a636.087 U53Y 2003 _bBC _cLIBRO _d33724000957452 _eLIBRO _fc.2 _h105762 _i102033 _kI. 222814 _si _t$ 350.00 |
||
| 999 |
_c90502 _d90502 |
||